[Event "Canadian zt (Women)"]
[Site "Toronto"]
[Date "2024.03.29"]
[Round "3"]
[White "Mills, Morgon"]
[Black "D'Souza, Carina"]
[Result "1-0"]
[WhiteElo "2018"]
[BlackElo "1811"]
[PlyCount "137"]
[EventDate "2024.03.28"]
[EventType "team-swiss"]
[EventRounds "9"]
[EventCountry "CAN"]
[SourceTitle "CB15_2024"]
[SourceDate "2024.04.10"]
[SourceVersion "1"]
[SourceVersionDate "2024.04.10"]
[SourceQuality "1"]

1. e4 e6 2. Qe2 c5 3. Nf3 Nc6 4. g3 g6 5. Bg2 Bg7 6. 0-0 e5 7. Nc3 Nge7 8. Nd5 0-0 9. d3 h6 10. a3 d6 11. Rb1 Bg4 12. c3 Nxd5 13. exd5 Ne7 14. h3 Bf5 15. Nh2 c4 16. Be4 Bxh3 17. Rd1 f5 18. Bh1 cxd3 19. Qxd3 e4 20. Qb5 g5 21. Qxb7 Ng6 22. Be3 Rf7 23. Qb5 Qe7 24. Qe2 f4 25. Bd4 e3 26. g4 Nh4 27. c4 Raf8 28. b4 Qd7 29. Bxg7 Kxg7 30. Rd4 exf2+ 31. Kxf2 Re8 32. Re4 Rfe7 33. Rg1 h5 34. gxh5 Kh6 35. Re1 Re5 36. Qb2 g4 37. Kg1 g3 38. Nf3 Rxe4 39. Qf6+ Kh7 40. Ng5+ Kg8 41. Bxe4 Bf5 42. h6 Nf3+ 43. Nxf3 Rxe4 44. Rxe4 Bxe4 45. Ng5 Bf5 46. Ne6 Bd3 47. Qxf4 Qf7 48. Qxf7+ Kxf7 49. h7 Bxh7 50. Ng5+ Kf6 51. Nxh7+ Ke5 52. Kg2 Kd4 53. Kxg3 Kxc4 54. Nf6 Kb3 55. Ne8 Kxa3 56. Nxd6 Kxb4 57. Nb7 Kb5 58. Kf4 Kb6 59. Nd6 a5 60. Nc4+ Kc5 61. d6 Kxc4 62. d7 a4 63. d8Q Kb3 64. Qd1+ Kb4 65. Ke4 a3 66. Qb1+ Kc3 67. Qa2 Kb4 68. Kd4 Kb5 69. Qxa3 1-0

[Event "Titled Tuesday intern op 27th Dec Early"]
[Site "Chess.com INT"]
[Date "2022.12.27"]
[Round "2"]
[White "Bazarov, Konstantin"]
[Black "Mills, Morgon"]
[Result "1-0"]
[WhiteElo "2235"]
[BlackElo "2009"]
[PlyCount "51"]
[EventDate "2022.12.27"]
[EventType "swiss (blitz)"]
[EventRounds "11"]
[EventCountry "USA"]
[SourceTitle "EXT 2024"]
[Source "ChessBase"]
[SourceDate "2023.10.10"]
[SourceVersion "1"]
[SourceVersionDate "2023.10.10"]
[SourceQuality "1"]

1. c4 e6 2. Nf3 d5 3. e3 Nf6 4. Be2 a6 5. b3 Be7 6. Bb2 0-0 7. Qc2 c5 8. d3 Nc6 9. cxd5 Nb4 10. Qc3 Nbxd5 11. Qd2 c4 12. bxc4 Bb4 13. Nc3 Ne7 14. a3 Ba5 15. 0-0 Bd7 16. Qc2 Bc6 17. Ne5 Bc7 18. Nxc6 Nxc6 19. Rfd1 Qd6 20. g3 Ne5 21. d4 Neg4 22. Bf3 h5 23. e4 Qc6 24. Qe2 Bb6 25. h3 Nh6 26. e5 1-0

[Event "Titled Tuesday intern op 27th Dec Early"]
[Site "Chess.com INT"]
[Date "2022.12.27"]
[Round "7"]
[White "Kovacevic, Radmila"]
[Black "Mills, Morgon"]
[Result "0-1"]
[WhiteElo "2106"]
[BlackElo "2009"]
[PlyCount "136"]
[EventDate "2022.12.27"]
[EventType "swiss (blitz)"]
[EventRounds "11"]
[EventCountry "USA"]
[SourceTitle "EXT 2024"]
[Source "ChessBase"]
[SourceDate "2023.10.10"]
[SourceVersion "1"]
[SourceVersionDate "2023.10.10"]
[SourceQuality "1"]

1. e4 e5 2. d4 exd4 3. Qxd4 Nc6 4. Qe3 Bb4+ 5. c3 Ba5 6. Qg3 Qf6 7. Bc4 Qg6 8. f3 d6 9. Ne2 Nf6 10. Qxg6 hxg6 11. Nf4 Ne5 12. Be2 Bb6 13. Na3 Bd7 14. Nc4 Nxc4 15. Bxc4 Nh5 16. Nxh5 Rxh5 17. Bf4 f6 18. 0-0-0 0-0-0 19. Bf7 Be8 20. Be6+ Bd7 21. Bb3 g5 22. Bd2 Rdh8 23. h3 g4 24. fxg4 Bxg4 25. Rde1 Bd7 26. Rhf1 Re5 27. Bf4 Re7 28. Kd2 Rhe8 29. Kd3 Bc5 30. Bc2 a5 31. Re2 Bb5+ 32. c4 Bc6 33. Rfe1 Bb4 34. Bd2 Bxd2 35. Kxd2 Re5 36. g4 Rh8 37. Re3 g6 38. Rf1 Rf8 39. Kd3 Kd7 40. Kd4 Ke7 41. a3 b6 42. b4 axb4 43. axb4 Ra8 44. b5 Bb7 45. Ref3 Re6 46. g5 Ra2 47. gxf6+ Kf7 48. Bd3 Ra3 49. Re1 Rxf6 50. Rxf6+ Kxf6 51. e5+ dxe5+ 52. Rxe5 Rxd3+ 53. Kxd3 Kxe5 54. Ke3 Kf5 55. Kd4 Bg2 56. c5 Bxh3 57. cxb6 cxb6 58. Kd5 Bf1 59. Kc6 Bxb5+ 60. Kxb5 g5 61. Kxb6 g4 62. Kc5 Ke4 63. Kd6 g3 64. Ke6 g2 65. Kf6 g1Q 66. Kf7 Qb6 67. Ke7 Ke5 68. Kd7 Qb7+ 0-1

[Event "Titled Tuesday intern op 27th Dec Early"]
[Site "Chess.com INT"]
[Date "2022.12.27"]
[Round "1"]
[White "Mills, Morgon"]
[Black "Iljin, Timofey"]
[Result "0-1"]
[WhiteElo "2009"]
[BlackElo "2337"]
[PlyCount "98"]
[EventDate "2022.12.27"]
[EventType "swiss (blitz)"]
[EventRounds "11"]
[EventCountry "USA"]
[SourceTitle "EXT 2024"]
[Source "ChessBase"]
[SourceDate "2023.10.10"]
[SourceVersion "1"]
[SourceVersionDate "2023.10.10"]
[SourceQuality "1"]

1. e4 e5 2. Nf3 Nc6 3. Bb5 a6 4. Bxc6 dxc6 5. 0-0 Bg4 6. h3 h5 7. d3 Bd6 8. Nbd2 Qe7 9. Re1 0-0-0 10. hxg4 hxg4 11. Nh2 Rxh2 12. Kxh2 Qh4+ 13. Kg1 g3 14. Qf3 Bc5 15. Kf1 Bxf2 16. Qf5+ Kb8 17. Qh3 Qf6 18. Nf3 Bxe1 19. Kxe1 Qg6 20. Bg5 f6 21. Bh4 Qh6 22. Ke2 Ne7 23. Bxg3 Qg6 24. Nh4 Qh5+ 25. Nf3 Qg6 26. Rh1 Qf7 27. b3 Ng6 28. Qh5 Rh8 29. Qxh8+ Nxh8 30. Rxh8+ Ka7 31. Bf2+ b6 32. Rh1 Qe7 33. a4 Qa3 34. Ne1 Qb2 35. Be3 Qa3 36. Rh7 Qe7 37. Bh6 Qf7 38. Be3 Qg6 39. Rh2 Qg4+ 40. Nf3 g5 41. Kf2 Qe6 42. Rh6 Qf7 43. Ne1 g4 44. Rh1 Qg6 45. g3 Qf7 46. Ng2 f5 47. exf5 Qxf5+ 48. Ke2 Qf3+ 49. Kd2 Qxg2+ 0-1

[Event "Titled Tuesday intern op 27th Dec Early"]
[Site "Chess.com INT"]
[Date "2022.12.27"]
[Round "5"]
[White "Mills, Morgon"]
[Black "Zhurbinsky, David J"]
[Result "1-0"]
[WhiteElo "2009"]
[BlackElo "2059"]
[PlyCount "131"]
[EventDate "2022.12.27"]
[EventType "swiss (blitz)"]
[EventRounds "11"]
[EventCountry "USA"]
[SourceTitle "EXT 2024"]
[Source "ChessBase"]
[SourceDate "2023.10.10"]
[SourceVersion "1"]
[SourceVersionDate "2023.10.10"]
[SourceQuality "1"]

1. e4 e5 2. Nf3 Nc6 3. Bb5 a6 4. Bxc6 dxc6 5. 0-0 Bg4 6. h3 h5 7. d3 Qf6 8. Nbd2 Bc5 9. Nc4 Bxf3 10. Qxf3 Qxf3 11. gxf3 f6 12. f4 exf4 13. Bxf4 0-0-0 14. Be3 Bd4 15. Bxd4 Rxd4 16. Ne3 Ne7 17. f3 g5 18. Kf2 Ng6 19. Nf5 Rd7 20. h4 g4 21. Rg1 Ne5 22. fxg4 Nxg4+ 23. Kf3 c5 24. Ne3 Ne5+ 25. Ke2 c6 26. Raf1 Rf7 27. b3 Kc7 28. Rf5 Kd7 29. Nc4 Nxc4 30. bxc4 b6 31. Rb1 b5 32. cxb5 axb5 33. Rxc5 Rg7 34. Rf1 Ra8 35. Rxf6 Rxa2 36. Rfxc6 Rg4 37. Rh6 Rxh4 38. Rhxh5 Rxc2+ 39. Rxc2 Rxh5 40. Ke3 Kd6 41. Kd4 Rh8 42. Rc5 Rb8 43. e5+ Ke6 44. Rc6+ Kd7 45. Rd6+ Ke7 46. Kc3 Rh8 47. Kb4 Rb8 48. d4 Kf7 49. d5 Ke7 50. Rh6 Kf7 51. d6 Kg7 52. Re6 Kf7 53. Re7+ Kf8 54. e6 Rd8 55. Rf7+ Kg8 56. e7 Re8 57. Rf5 Ra8 58. Kxb5 Rb8+ 59. Kc6 Kg7 60. d7 Rb1 61. e8Q Rc1+ 62. Rc5 Rd1 63. d8Q Rf1 64. Qde7+ Kh6 65. Qh8+ Kg6 66. Qhg7# 1-0

[Event "American Continental (Women)"]
[Site "Cuenca"]
[Date "2022.12.10"]
[Round "9"]
[White "Mills, Morgon"]
[Black "Hernandez Alvarez, Tania Regla"]
[Result "1-0"]
[WhiteElo "2009"]
[BlackElo "2056"]
[PlyCount "127"]
[EventDate "2022.12.05"]
[EventType "swiss"]
[EventRounds "9"]
[EventCountry "ECU"]
[SourceTitle "CBM 211 Extra"]
[Source "ChessBase"]
[SourceDate "2023.01.31"]
[SourceVersion "1"]
[SourceVersionDate "2023.01.31"]
[SourceQuality "1"]

1. e4 c5 2. Nf3 g6 3. d4 cxd4 4. Nxd4 Nc6 5. c4 Nf6 6. Nc3 Nxd4 7. Qxd4 d6 8. f3 Bg7 9. Be3 0-0 10. Qd2 Be6 11. Rc1 Qa5 12. Be2 Rfc8 13. b3 a6 14. a4 Nd7 15. h4 Nc5 16. Bd1 Qb4 17. Bxc5 Rxc5 18. g4 Rac8 19. Nd5 Qxd2+ 20. Kxd2 Bxd5 21. exd5 b5 22. axb5 axb5 23. Be2 b4 24. Rc2 Ra8 25. Rb1 Be5 26. Ke3 h6 27. f4 Bg7 28. Bd3 Ra3 29. f5 gxf5 30. Bxf5 e6 31. dxe6 Re5+ 32. Be4 fxe6 33. Rd2 Bf8 34. Kf3 Be7 35. Bc6 Rc5 36. Bd7 Kf7 37. Ke4 Re5+ 38. Kf3 Bxh4 39. Rxd6 Ra2 40. Rf1 Ke7 41. Rd4 Rae2 42. Rd3 Rh2 43. Ba4 h5 44. Kf4 Rhe2 45. Kf3 Rc2 46. Kf4 Kf6 47. Be8 Rg2 48. Bxh5 Ree2 49. Kf3 e5 50. Re3 Rd2 51. Ke4+ Ke6 52. Bf7+ Kd6 53. Kf5 Bg3 54. Bd5 Rgf2+ 55. Rxf2 Rxf2+ 56. Rf3 Rg2 57. Rd3 Rf2+ 58. Bf3+ Ke7 59. c5 Rc2 60. c6 Rc5 61. Be4 Bf4 62. Rd7+ Ke8 63. Ke6 Bg5 64. c7 1-0

[Event "Titled Tuesday intern op 08th Nov Early"]
[Site "Chess.com INT"]
[Date "2022.11.08"]
[Round "8"]
[White "Guimaraes, Wagner Peixoto"]
[Black "Mills, Morgon"]
[Result "1-0"]
[WhiteElo "2199"]
[BlackElo "2009"]
[PlyCount "61"]
[EventDate "2022.11.08"]
[EventType "swiss (blitz)"]
[EventRounds "11"]
[EventCountry "USA"]
[SourceTitle "EXT 2024"]
[Source "ChessBase"]
[SourceDate "2023.10.10"]
[SourceVersion "1"]
[SourceVersionDate "2023.10.10"]
[SourceQuality "1"]

1. d4 d5 2. c4 e6 3. Nc3 a6 4. cxd5 exd5 5. Nf3 Nf6 6. e3 c6 7. Qc2 Bd6 8. Be2 Qe7 9. 0-0 g6 10. Bd3 0-0 11. e4 dxe4 12. Nxe4 Nxe4 13. Bxe4 Re8 14. Bd3 Bg4 15. Ne5 Bxe5 16. dxe5 Qxe5 17. Bd2 Nd7 18. Bc3 Qc5 19. Qd2 Ne5 20. Bc2 Rad8 21. Qh6 Qf8 22. Qh4 Be2 23. Rfe1 Nd7 24. Qd4 f6 25. Rxe2 Ne5 26. Qf4 g5 27. Qf5 Qg7 28. Rae1 Rf8 29. Qe6+ Kh8 30. Rxe5 fxe5 31. Bxe5 1-0

[Event "Titled Tuesday intern op 08th Nov Early"]
[Site "Chess.com INT"]
[Date "2022.11.08"]
[Round "11"]
[White "Mills, Morgon"]
[Black "Rios Escobar, Adan"]
[Result "0-1"]
[WhiteElo "2009"]
[BlackElo "2276"]
[PlyCount "136"]
[EventDate "2022.11.08"]
[EventType "swiss (blitz)"]
[EventRounds "11"]
[EventCountry "USA"]
[SourceTitle "EXT 2024"]
[Source "ChessBase"]
[SourceDate "2023.10.10"]
[SourceVersion "1"]
[SourceVersionDate "2023.10.10"]
[SourceQuality "1"]

1. e4 c5 2. Nf3 d6 3. Bb5+ Nd7 4. d4 cxd4 5. Bxd7+ Bxd7 6. Qxd4 e5 7. Qd3 Rc8 8. 0-0 a6 9. b3 Qc7 10. c4 b5 11. Nbd2 Nf6 12. Rd1 Be7 13. Nh4 g6 14. Nhf3 Qb7 15. Ba3 Qb8 16. cxb5 Bxb5 17. Nc4 0-0 18. Bxd6 Bxd6 19. Qxd6 Nxe4 20. Qxb8 Rxb8 21. Ncxe5 Rfe8 22. Re1 Nc3 23. Nd4 Rbd8 24. Nxb5 axb5 25. Nc6 Rxe1+ 26. Rxe1 Rd2 27. a4 bxa4 28. bxa4 Nxa4 29. Ne5 Nc3 30. g3 Kg7 31. Kf1 Ra2 32. Ng4 h5 33. Ne3 Ne4 34. Re2 Ra1+ 35. Kg2 Ng5 36. h4 Ne6 37. Nd5 Ra5 38. Nc3 Rc5 39. Ne4 Re5 40. f3 Rd5 41. Rd2 Rf5 42. Nc3 Rc5 43. Nd5 Rc1 44. Ne3 Rc3 45. Nd5 Ra3 46. Kf2 Nc5 47. Ne3 Nd3+ 48. Ke2 Ne5 49. f4 Ng4 50. Nxg4 hxg4 51. Kf2 f5 52. Kg2 Rf3 53. Rf2 Re3 54. Rd2 Kf6 55. Rd6+ Kf7 56. Rd7+ Kf6 57. Rd6+ Kf7 58. Rd7+ Re7 59. Rxe7+ Kxe7 60. Kf2 Kd6 61. Ke2 Kc5 62. Kd3 Kd5 63. Ke3 Kc4 64. Kd2 Kd4 65. Ke2 Ke4 66. Kf2 Kd3 67. Ke1 Ke3 68. Kf1 Kf3 0-1

[Event "Titled Tuesday intern op 08th Nov Early"]
[Site "Chess.com INT"]
[Date "2022.11.08"]
[Round "6"]
[White "Orzech, Dominik"]
[Black "Mills, Morgon"]
[Result "1-0"]
[WhiteElo "2313"]
[BlackElo "2009"]
[PlyCount "127"]
[EventDate "2022.11.08"]
[EventType "swiss (blitz)"]
[EventRounds "11"]
[EventCountry "USA"]
[SourceTitle "EXT 2024"]
[Source "ChessBase"]
[SourceDate "2023.10.10"]
[SourceVersion "1"]
[SourceVersionDate "2023.10.10"]
[SourceQuality "1"]

1. g3 d5 2. Bg2 e5 3. c4 c6 4. Qb3 dxc4 5. Qxc4 Be6 6. Qc2 Nf6 7. Nf3 Nbd7 8. Ng5 Qe7 9. 0-0 h6 10. Nxe6 Qxe6 11. d3 Bc5 12. Nd2 Bb6 13. Nc4 0-0 14. b4 Nd5 15. Rb1 Rfd8 16. a4 Bc7 17. b5 cxb5 18. Rxb5 N7b6 19. a5 a6 20. Rxb6 Bxb6 21. Bxd5 Bxf2+ 22. Rxf2 Qxd5 23. Nb6 Qxa5 24. Nxa8 Rxa8 25. Bb2 f6 26. Qb3+ Kh7 27. Qxb7 Rf8 28. Qe4+ Kh8 29. Kg2 Qb5 30. d4 Qxb2 31. dxe5 Qb6 32. e6 Re8 33. e7 Qd6 34. Rf1 Rxe7 35. Qa8+ Kh7 36. Rf2 Qe5 37. Qxa6 Qe4+ 38. Kg1 Qe3 39. Qd3+ Qxd3 40. exd3 Rd7 41. Rd2 Kg6 42. Kf2 Kf7 43. Ke3 Ke6 44. d4 Kd5 45. Ra2 Rb7 46. Ra5+ Kd6 47. Ke4 g6 48. Ra6+ Ke7 49. h4 h5 50. Rc6 Ra7 51. Kd5 Ra5+ 52. Rc5 Ra3 53. Rc7+ Kd8 54. Rf7 Rxg3 55. Rxf6 Ke7 56. Ra6 Rg4 57. Ra7+ Kd8 58. Ke5 Rxh4 59. d5 Rh1 60. Kd6 Kc8 61. Ra8+ Kb7 62. Rg8 Rd1 63. Rxg6 h4 64. Rh6 1-0

[Event "Titled Tuesday intern op 08th Nov Early"]
[Site "Chess.com INT"]
[Date "2022.11.08"]
[Round "4"]
[White "Safin, Robert"]
[Black "Mills, Morgon"]
[Result "1-0"]
[WhiteElo "2207"]
[BlackElo "2009"]
[PlyCount "79"]
[EventDate "2022.11.08"]
[EventType "swiss (blitz)"]
[EventRounds "11"]
[EventCountry "USA"]
[SourceTitle "EXT 2024"]
[Source "ChessBase"]
[SourceDate "2023.10.10"]
[SourceVersion "1"]
[SourceVersionDate "2023.10.10"]
[SourceQuality "1"]

1. d4 d5 2. c4 e6 3. Nf3 a6 4. g3 dxc4 5. Bg2 b5 6. 0-0 Bb7 7. a4 Nd7 8. Qc2 Ngf6 9. Rd1 Be7 10. b3 Be4 11. Qb2 cxb3 12. Qxb3 Bd5 13. Qc2 b4 14. Nbd2 Rb8 15. Bb2 b3 16. Qd3 c5 17. e4 c4 18. Qe2 Ba8 19. e5 Nd5 20. Qxc4 0-0 21. Nxb3 N7b6 22. Qxa6 Nb4 23. Qe2 Bd5 24. Nc5 Bc4 25. Qd2 N6d5 26. Ba3 Bxc5 27. dxc5 Nc6 28. Nd4 Qc7 29. Nb5 Bxb5 30. axb5 Rxb5 31. Bxd5 Rd8 32. Bxc6 Rxd2 33. Rxd2 Rb8 34. Be4 Qxe5 35. Rad1 f5 36. c6 fxe4 37. Bd6 Qb5 38. Bxb8 Qxb8 39. Rd8+ Qxd8 40. Rxd8+ 1-0

[Event "Titled Tuesday intern op 11th Oct Early"]
[Site "Chess.com INT"]
[Date "2022.10.11"]
[Round "7"]
[White "Fernandez Siles, Luis"]
[Black "Mills, Morgon"]
[Result "1-0"]
[WhiteElo "2220"]
[BlackElo "2009"]
[PlyCount "97"]
[EventDate "2022.10.11"]
[EventType "swiss (blitz)"]
[EventRounds "11"]
[EventCountry "USA"]
[SourceTitle "EXT 2024"]
[Source "ChessBase"]
[SourceDate "2023.10.10"]
[SourceVersion "1"]
[SourceVersionDate "2023.10.10"]
[SourceQuality "1"]

1. e4 c6 2. d4 d5 3. exd5 cxd5 4. c4 e6 5. Nc3 Nf6 6. Nf3 Be7 7. cxd5 exd5 8. h3 Nc6 9. Bd3 h6 10. 0-0 Be6 11. Re1 0-0 12. a3 a6 13. Bc2 Rc8 14. Qd3 b5 15. Ne5 b4 16. Ne2 bxa3 17. bxa3 Ne4 18. f3 Nxe5 19. dxe5 Bc5+ 20. Kh2 Bf2 21. Rf1 Bf5 22. Rxf2 Ng3 23. Nxg3 Bxd3 24. Bxd3 a5 25. Nf5 Rc3 26. Rd2 Qb8 27. f4 Rd8 28. Bb2 Rb3 29. Bd4 Rd7 30. a4 Rb4 31. Bb5 Rc7 32. Rad1 Kh7 33. Nd6 g6 34. Be8 Kg7 35. e6+ f6 36. Bd7 Rxd7 37. exd7 Qxd6 38. Bc5 Qxd7 39. Bxb4 axb4 40. Rxd5 Qxa4 41. Rd7+ Kf8 42. R1d4 Qa5 43. Rh7 Ke8 44. Re4+ Kf8 45. Rc4 Kg8 46. Rcc7 Qa8 47. Rcg7+ Kf8 48. Rh8+ Kxg7 49. Rxa8 1-0

[Event "Titled Tuesday intern op 11th Oct Early"]
[Site "Chess.com INT"]
[Date "2022.10.11"]
[Round "8"]
[White "Mills, Morgon"]
[Black "Melikhov, Evgeny V"]
[Result "1/2-1/2"]
[WhiteElo "2009"]
[BlackElo "2269"]
[PlyCount "128"]
[EventDate "2022.10.11"]
[EventType "swiss (blitz)"]
[EventRounds "11"]
[EventCountry "USA"]
[SourceTitle "EXT 2024"]
[Source "ChessBase"]
[SourceDate "2023.10.10"]
[SourceVersion "1"]
[SourceVersionDate "2023.10.10"]
[SourceQuality "1"]

1. e4 c5 2. Nf3 d6 3. Bb5+ Nd7 4. d4 cxd4 5. Qxd4 a6 6. Bxd7+ Bxd7 7. 0-0 e5 8. Qd3 Rc8 9. c4 Be6 10. b3 h6 11. Rd1 Qd7 12. Ba3 Nf6 13. Nc3 Bg4 14. Bxd6 Bxd6 15. Qxd6 Qxd6 16. Rxd6 Bxf3 17. gxf3 Ke7 18. Rad1 Rhd8 19. Rxd8 Rxd8 20. Rxd8 Kxd8 21. Nd5 Nd7 22. Kf1 Nc5 23. Ke2 Kd7 24. Ke3 Kd6 25. f4 exf4+ 26. Nxf4 g5 27. Nd3 Nd7 28. Kd4 f6 29. c5+ Ke6 30. b4 h5 31. a4 h4 32. h3 f5 33. exf5+ Kxf5 34. f3 Nf6 35. b5 axb5 36. axb5 Ke6 37. Nf2 Nd7 38. Ne4 Kf5 39. Nd6+ Kf4 40. Nf7 Nf6 41. c6 bxc6 42. bxc6 Ne8 43. Kd5 Kxf3 44. Nxg5+ Kf4 45. Ne6+ Kg3 46. Ng5 Kf4 47. Nh7 Nc7+ 48. Kd6 Na6 49. Ke6 Kg3 50. Ng5 Kf4 51. Kf6 Nc7 52. Kg6 Ke5 53. Kh5 Kd6 54. Kxh4 Kxc6 55. Kh5 Kd7 56. Kg6 Ke7 57. h4 Nd5 58. Nh3 Kf8 59. h5 Kg8 60. h6 Ne7+ 61. Kh5 Kh7 62. Ng5+ Kh8 63. Ne6 Ng8 64. Kg5 Nxh6 1/2-1/2

[Event "Titled Tuesday intern op 11th Oct Early"]
[Site "Chess.com INT"]
[Date "2022.10.11"]
[Round "11"]
[White "Toshali, V."]
[Black "Mills, Morgon"]
[Result "0-1"]
[WhiteElo "2073"]
[BlackElo "2009"]
[PlyCount "154"]
[EventDate "2022.10.11"]
[EventType "swiss (blitz)"]
[EventRounds "11"]
[EventCountry "USA"]
[SourceTitle "EXT 2024"]
[Source "ChessBase"]
[SourceDate "2023.10.10"]
[SourceVersion "1"]
[SourceVersionDate "2023.10.10"]
[SourceQuality "1"]

1. d4 d5 2. Nf3 Nf6 3. Bf4 e6 4. Nbd2 Bd6 5. Ne5 Bxe5 6. Bxe5 0-0 7. e3 Nfd7 8. Bg3 c5 9. c3 cxd4 10. exd4 Re8 11. Bd3 Nc6 12. 0-0 Nf8 13. f4 f6 14. Qh5 Qe7 15. Rae1 Qf7 16. Qh4 Bd7 17. Be2 Ng6 18. Qg4 e5 19. Qh5 exf4 20. Bf2 Re7 21. Bf3 Rae8 22. Bxd5 Be6 23. Bxe6 Rxe6 24. Rxe6 Rxe6 25. d5 Re5 26. Qf3 Qxd5 27. Qxd5+ Rxd5 28. Ne4 b6 29. c4 Rd8 30. a3 Nce5 31. b3 Rd3 32. Rb1 Nc6 33. c5 b5 34. a4 a6 35. axb5 axb5 36. b4 Nge5 37. Nd6 Na7 38. Ra1 Nec6 39. Re1 Ne5 40. g3 fxg3 41. Bxg3 Nf3+ 42. Kf1 Nxe1 43. Kxe1 Rb3 44. c6 Nxc6 45. Nxb5 Rxb4 46. Nc7 Ne5 47. Nd5 Rb5 48. Ne3 Nf3+ 49. Kf2 Ng5 50. Kg2 Ne4 51. Bf4 Rb2+ 52. Kf3 Nc5 53. h4 Nd3 54. Bg3 Kf7 55. Nf5 g6 56. Nd6+ Ke6 57. Ne4 Rb3 58. Kg2 Kf7 59. Nd6+ Kg7 60. Ne8+ Kf7 61. Nd6+ Kf8 62. Ne4 Rb2+ 63. Kf3 Kf7 64. Nd6+ Ke6 65. Ne4 Ne5+ 66. Ke3 Rb3+ 67. Kf2 Rf3+ 68. Kg2 Re3 69. Nc5+ Kf5 70. Nb7 Re2+ 71. Kh3 h6 72. Nd6+ Ke6 73. Ne8 g5 74. Ng7+ Kf7 75. Nf5 Kg6 76. Ne7+ Kf7 77. Nf5 g4# 0-1

[Event "Canadian op"]
[Site "Regina"]
[Date "2019.07.16"]
[Round "7"]
[White "Huang, Patrick"]
[Black "Mills, Morgon"]
[Result "1-0"]
[WhiteElo "2055"]
[BlackElo "2036"]
[PlyCount "77"]
[EventDate "2019.07.12"]
[EventType "swiss"]
[EventRounds "9"]
[EventCountry "CAN"]
[SourceTitle "EXT 2020"]
[Source "ChessBase"]
[SourceDate "2019.10.17"]
[SourceVersion "1"]
[SourceVersionDate "2019.10.17"]
[SourceQuality "1"]

1. d4 d5 2. Bf4 c5 3. e3 cxd4 4. exd4 Nc6 5. Nf3 Nf6 6. c3 g6 7. Nbd2 Bg7 8. Be2 0-0 9. 0-0 Nh5 10. Bg5 h6 11. Be3 Qc7 12. Ne1 Nf4 13. Bf3 Rd8 14. g3 Nh3+ 15. Kh1 e5 16. Nb3 b6 17. Bg2 Qd7 18. dxe5 Ba6 19. Nd3 Qf5 20. Nbc1 Ng5 21. Re1 Ne4 22. f3 Nc5 23. Bxc5 Bxd3 24. g4 Qc8 25. Bxb6 axb6 26. Nxd3 d4 27. cxd4 Rxd4 28. Qe2 Qe6 29. f4 Rad8 30. Rad1 Bf8 31. f5 Qc4 32. e6 Rxd3 33. exf7+ Kg7 34. Rc1 Qf4 35. Rxc6 Bd6 36. f6+ Kxf7 37. Qe6+ Kf8 38. Rxd6 Qxd6 39. Qe7+ 1-0

[Event "Canadian op"]
[Site "Regina"]
[Date "2019.07.15"]
[Round "6"]
[White "Mills, Morgon"]
[Black "Wolchock, Theo"]
[Result "1-0"]
[WhiteElo "2036"]
[BlackElo "2032"]
[PlyCount "99"]
[EventDate "2019.07.12"]
[EventType "swiss"]
[EventRounds "9"]
[EventCountry "CAN"]
[SourceTitle "EXT 2020"]
[Source "ChessBase"]
[SourceDate "2019.10.17"]
[SourceVersion "1"]
[SourceVersionDate "2019.10.17"]
[SourceQuality "1"]

1. e4 c5 2. Nf3 g6 3. d4 cxd4 4. Nxd4 Nc6 5. c4 Bg7 6. Be3 Nf6 7. Nc3 d6 8. Be2 0-0 9. 0-0 Bd7 10. f3 Nxd4 11. Bxd4 Bc6 12. Qd2 a5 13. b3 Nd7 14. Be3 Nc5 15. Rab1 e6 16. Rfd1 Be5 17. Qe1 Qe7 18. Bf1 Rfd8 19. Rbc1 h5 20. Ne2 Rac8 21. Qxa5 Ra8 22. Qd2 Qh4 23. g3 Nxe4 24. gxh4 Nxd2 25. Rxd2 Bxf3 26. Bg2 Bxg2 27. Kxg2 Kf8 28. Bf4 Bxf4 29. Nxf4 Ke7 30. a4 Ra5 31. Re1 Kd7 32. Nh3 Rf5 33. Rf1 Rxf1 34. Kxf1 Rc8 35. Ng5 Ke7 36. Ne4 Rc6 37. Ke2 f5 38. Ng5 Kf6 39. Nf3 e5 40. Rd5 b6 41. Ke3 Ke6 42. Ng5+ Ke7 43. Kd3 Rc8 44. Rb5 Rc6 45. a5 bxa5 46. Rxa5 Rb6 47. Ra7+ Kf8 48. Kc3 e4 49. Ne6+ Ke8 50. Nf4 1-0

[Event "Canadian op"]
[Site "Sault Ste Marie"]
[Date "2017.07.13"]
[Round "6"]
[White "Sundar, Avinash"]
[Black "Mills, Morgon"]
[Result "1/2-1/2"]
[WhiteElo "2073"]
[BlackElo "2011"]
[PlyCount "157"]
[EventDate "2017.07.08"]
[EventType "swiss"]
[EventRounds "9"]
[EventCountry "CAN"]
[SourceTitle "EXT 2018"]
[Source "ChessBase"]
[SourceDate "2017.10.13"]
[SourceVersion "1"]
[SourceVersionDate "2017.10.13"]
[SourceQuality "1"]

1. Nf3 d5 2. g3 c5 3. Bg2 Nf6 4. 0-0 Nc6 5. d4 e6 6. Nc3 Be7 7. e3 0-0 8. a3 b6 9. b3 Ba6 10. Re1 Rc8 11. Bb2 Qc7 12. Ne2 Rfd8 13. Ne5 Nxe5 14. dxe5 Ng4 15. Nf4 Nxe5 16. h4 Bf6 17. Ra2 Nd7 18. c3 g6 19. Ba1 Bg7 20. Rd2 Nf6 21. Qc2 Rd7 22. Red1 Rcd8 23. c4 dxc4 24. Rxd7 Rxd7 25. Rxd7 Nxd7 26. Bxg7 Kxg7 27. bxc4 Ne5 28. Qc3 Kg8 29. Bf1 Nf3+ 30. Kh1 Ne5 31. Kg1 h5 32. e4 Qd6 33. Nd3 Nxd3 34. Qxd3 Qxd3 35. Bxd3 e5 36. Kf1 Bb7 37. Ke2 Kf8 38. f4 Ke7 39. Ke3 Kf6 40. Be2 Ba6 41. Kf3 Bc8 42. Ke3 Be6 43. Bd3 a6 44. Kd2 Bd7 45. Kc3 Ba4 46. Be2 Bc6 47. Bd3 Ke7 48. Bc2 Bd7 49. Kd3 Bg4 50. Ba4 Bd7 51. Bc2 Ke6 52. Bb3 f5 53. Ke3 fxe4 54. Kxe4 Bc6+ 55. Ke3 Kf6 56. Bc2 Be8 57. Ke4 exf4 58. Kxf4 b5 59. cxb5 axb5 60. Bd3 Bc6 61. Be2 b4 62. axb4 cxb4 63. Ke3 b3 64. Kd2 Be4 65. Kc3 Bc2 66. g4 hxg4 67. Bxg4 Bf5 68. Be2 Be6 69. Bd3 Bf7 70. Be4 Kg7 71. Bd3 Kh6 72. Be2 Be6 73. Bf3 Kg7 74. Be4 Kf6 75. Bd3 Bf5 76. Bc4 Bc2 77. Bb5 Kf5 78. Be8 Bd1 79. Bf7 1/2-1/2

[Event "Canadian op"]
[Site "Sault Ste Marie"]
[Date "2017.07.12"]
[Round "5"]
[White "Mills, Morgon"]
[Black "Plotkin, Victor"]
[Result "0-1"]
[WhiteElo "2011"]
[BlackElo "2265"]
[PlyCount "70"]
[EventDate "2017.07.08"]
[EventType "swiss"]
[EventRounds "9"]
[EventCountry "CAN"]
[SourceTitle "EXT 2018"]
[Source "ChessBase"]
[SourceDate "2017.10.13"]
[SourceVersion "1"]
[SourceVersionDate "2017.10.13"]
[SourceQuality "1"]

1. e4 e5 2. Nf3 Nf6 3. d4 Nxe4 4. Bd3 d5 5. dxe5 Nc6 6. Bf4 Bc5 7. 0-0 Bg4 8. h3 Bh5 9. Bxe4 dxe4 10. Qxd8+ Rxd8 11. Nfd2 Bg6 12. c3 0-0 13. Nb3 Bb6 14. a4 a5 15. Na3 f6 16. exf6 Bf7 17. Nd2 e3 18. Nf3 exf2+ 19. Kh2 gxf6 20. Bg3 Ne5 21. Nxe5 fxe5 22. Bxf2 Rd2 23. Bxb6 cxb6 24. Rad1 Rfd8 25. Rxd2 Rxd2 26. Rf5 Bd5 27. Rg5+ Kf7 28. c4 Kf6 29. Rg3 Bc6 30. b3 e4 31. Nb1 Rb2 32. Nc3 Ke5 33. Nd1 Rd2 34. Nc3 Kd4 35. Kg1 e3 0-1